000 00211nam a22000857a 4500
008 161114b xxu||||| |||| 00| 0 eng d
100 _91195
_aAggarwal.M.L.
245 _a Mathematics-XII
260 _aNew Delhi
_bAP
_c2012
999 _c3885
_d3885